| 000 | 00404nam a2200157Ia 4500 | ||
|---|---|---|---|
| 008 | 210210b1977 xxu||||| |||| 00| 0 eng d | ||
| 082 | _a546 SONT | ||
| 100 | _aSONI (P L). | ||
| 245 | _aText book of inorganic chemistry.Ed 10. | ||
| 250 | _a | ||
| 260 |
_aN D _bSultan Chand & Sons _c1977 |
||
| 300 | _axvi,3.352 | ||
| 650 | _aInorganic Chemistry | ||
| 690 | _aInorganic Chemistry | ||
| 906 | _aCC00216 | ||
| 999 |
_c109362 _d109362 |
||